[Event "AUT-ch Vor1 Internet"]
[Site "Playchess.com INT"]
[Date "2020.04.11"]
[Round "3"]
[White "Kondrak, Christof"]
[Black "Vojic, Isak"]
[Result "1-0"]
[WhiteElo "2033"]
[BlackElo "1586"]
[PlyCount "127"]
[EventDate "2020.04.11"]
[EventType "swiss (blitz)"]
[EventRounds "9"]
[EventCountry "AUT"]
[SourceTitle "CBM 195 Extra"]
[Source "ChessBase"]
[SourceDate "2020.05.31"]
[SourceVersion "1"]
[SourceVersionDate "2020.05.31"]
[SourceQuality "1"]

1. d4 Nf6 2. Nf3 g6 3. c4 Bg7 4. Nc3 0-0 5. Bf4 d6 6. e3 b6 7. h3 Bb7 8. Be2 Nbd7 9. Rc1 e5 10. Bh2 e4 11. Nd2 Ne8 12. 0-0 f5 13. b4 Rc8 14. Nd5 Nef6 15. Nf4 Qe7 16. d5 g5 17. Ne6 Rfe8 18. Nxg5 Nxd5 19. Ngxe4 Nxb4 20. Nc3 Bxc3 21. Rxc3 Nxa2 22. Ra3 Nb4 23. Rxa7 Rb8 24. Bf3 Nc5 25. Bxb7 Rxb7 26. Rxb7 Nxb7 27. Nf3 Nc5 28. Nd4 Qf7 29. Qf3 Rf8 30. Rc1 Nbd3 31. Rc3 Ne5 32. Bxe5 dxe5 33. Nb5 Qg7 34. Rc2 e4 35. Qf4 Rf7 36. Nd4 Kf8 37. Nxf5 Qf6 38. Nd4 Qxf4 39. exf4 Rxf4 40. Ne6+ Nxe6 41. g3 Ke7 42. Kg2 Rf7 43. Re2 Rf6 44. g4 Kd7 45. Rxe4 Rf7 46. Kg3 Nc5 47. Rd4+ Kc6 48. f4 Rd7 49. Rxd7 Kxd7 50. g5 Ke7 51. f5 Nd7 52. Kf4 c6 53. h4 b5 54. cxb5 cxb5 55. h5 b4 56. Ke3 Kd6 57. g6 hxg6 58. h6 Nf6 59. fxg6 Ke7 60. h7 Nxh7 61. gxh7 b3 62. h8Q Kd6 63. Qc3 Kd5 64. Qxb3+ 1-0

[Event "AUT-ch Vor1 Internet"]
[Site "Playchess.com INT"]
[Date "2020.04.11"]
[Round "1"]
[White "Vojic, Isak"]
[Black "Bauer, Sebastian"]
[Result "0-1"]
[WhiteElo "1586"]
[BlackElo "2237"]
[PlyCount "98"]
[EventDate "2020.04.11"]
[EventType "swiss (blitz)"]
[EventRounds "9"]
[EventCountry "AUT"]
[SourceTitle "CBM 195 Extra"]
[Source "ChessBase"]
[SourceDate "2020.05.31"]
[SourceVersion "1"]
[SourceVersionDate "2020.05.31"]
[SourceQuality "1"]

1. e4 e5 2. Nf3 Nc6 3. Bc4 Bc5 4. c3 Nf6 5. d3 d6 6. 0-0 0-0 7. h3 a6 8. Bb3 h6 9. Re1 Ba7 10. Nbd2 Nh5 11. Nf1 Qf6 12. Qe2 Nf4 13. Bxf4 Qxf4 14. Ng3 Qxg3 15. d4 Qf4 16. d5 Ne7 17. Rad1 Ng6 18. Bc2 Bd7 19. b3 a5 20. Qd2 Qxd2 21. Rxd2 f5 22. c4 fxe4 23. Bxe4 Bf5 24. Bxf5 Rxf5 25. Rde2 Nf4 26. Rd2 Nxh3+ 27. gxh3 Rxf3 28. Kg2 Raf8 29. Ree2 R3f4 30. Rc2 Bc5 31. Kh2 Ra8 32. a4 Raf8 33. Kg2 Rf3 34. Rb2 Bd4 35. Rb1 Rxf2+ 36. Rxf2 Rxf2+ 37. Kg3 Rf4 38. Kg2 b6 39. Rf1 Rxf1 40. Kxf1 Kf7 41. Ke2 Kf6 42. Kf3 Kf5 43. h4 e4+ 44. Ke2 Kf4 45. h5 Kg5 46. b4 axb4 47. a5 bxa5 48. Kd2 Kxh5 49. Ke1 Kg4 0-1

[Event "AUT-ch U14"]
[Site "St Veit"]
[Date "2019.06.10"]
[Round "6.6"]
[White "Vojic, Isak"]
[Black "Leitner, Thomas"]
[Result "1/2-1/2"]
[WhiteElo "1578"]
[BlackElo "1515"]
[PlyCount "59"]
[EventDate "2019.06.08"]
[EventType "swiss"]
[EventRounds "7"]
[EventCountry "AUT"]
[SourceTitle "EXT 2024"]
[Source "ChessBase"]
[SourceDate "2023.10.10"]
[SourceVersion "1"]
[SourceVersionDate "2023.10.10"]
[SourceQuality "1"]

1. e4 c5 2. c3 Nf6 3. e5 Nd5 4. Nf3 Nc6 5. d4 cxd4 6. cxd4 d6 7. exd6 Qxd6 8. Nc3 Bg4 9. Be2 e6 10. 0-0 Be7 11. h3 Bh5 12. Be3 0-0 13. Qb3 Nb6 14. Rfd1 Rad8 15. Nb5 Qb4 16. Qxb4 Bxb4 17. a3 Be7 18. g4 Bg6 19. Ne5 Be4 20. Nxc6 Bxc6 21. Nxa7 Ba4 22. b3 Bxb3 23. Rdb1 Bc4 24. Bxc4 Nxc4 25. Rxb7 Bxa3 26. Nc6 Ra8 27. Ne7+ Bxe7 28. Rxa8 Rxa8 29. Rxe7 Kf8 30. Rc7 1/2-1/2

[Event "AUT-ch U12"]
[Site "St Kanzian"]
[Date "2018.05.22"]
[Round "7.9"]
[White "Vojic, Isak"]
[Black "Stadlinger, Lukas"]
[Result "1/2-1/2"]
[WhiteElo "1536"]
[BlackElo "1490"]
[PlyCount "60"]
[EventDate "2018.05.19"]
[EventType "swiss"]
[EventRounds "7"]
[EventCountry "AUT"]
[SourceTitle "EXT 2024"]
[Source "ChessBase"]
[SourceDate "2023.10.10"]
[SourceVersion "1"]
[SourceVersionDate "2023.10.10"]
[SourceQuality "1"]

1. e4 e5 2. Nf3 Nc6 3. Bc4 Bc5 4. c3 Nf6 5. d3 0-0 6. 0-0 d5 7. exd5 Nxd5 8. Re1 Bg4 9. h3 Bh5 10. Nbd2 Nb6 11. Bb5 Re8 12. Ne4 Bd6 13. Ng3 Bg6 14. Nd2 Qd7 15. Nde4 a6 16. Bxc6 Qxc6 17. Qb3 Kh8 18. Be3 Nd5 19. Nxd6 Qxd6 20. Ne4 Qc6 21. c4 Nf4 22. Bxf4 exf4 23. f3 Rad8 24. Rad1 Rd4 25. Kf1 Red8 26. Rd2 b6 27. Red1 Bxe4 28. fxe4 Qg6 29. Rf2 Qg3 30. Rf3 Qg5 1/2-1/2

[Event "AUT-ch U12"]
[Site "St Kanzian"]
[Date "2018.05.21"]
[Round "6.10"]
[White "Elsaesser, Daniel"]
[Black "Vojic, Isak"]
[Result "0-1"]
[WhiteElo "1395"]
[BlackElo "1536"]
[PlyCount "74"]
[EventDate "2018.05.19"]
[EventType "swiss"]
[EventRounds "7"]
[EventCountry "AUT"]
[SourceTitle "EXT 2024"]
[Source "ChessBase"]
[SourceDate "2023.10.10"]
[SourceVersion "1"]
[SourceVersionDate "2023.10.10"]
[SourceQuality "1"]

1. d4 Nf6 2. c4 g6 3. Nc3 Bg7 4. Nf3 0-0 5. e4 d6 6. Be2 e5 7. 0-0 Nc6 8. d5 Ne7 9. Rb1 Nd7 10. Ng5 h6 11. Nh3 f5 12. f4 Nf6 13. exf5 Bxf5 14. Bd3 Bxh3 15. gxh3 exf4 16. Bxf4 Nh5 17. Qd2 Nxf4 18. Rxf4 Nf5 19. Rbf1 Qg5+ 20. Qg2 Qxg2+ 21. Kxg2 Ne3+ 22. Kg1 Nxf1 23. Rxf1 Rxf1+ 24. Kxf1 Bxc3 25. bxc3 g5 26. Kf2 Rf8+ 27. Kg3 Kg7 28. Bc2 Rf1 29. Bb3 b6 30. Kg4 Rf8 31. Bc2 Rf2 32. Bb3 Rxh2 33. Kg3 Rh1 34. Kg2 Rc1 35. Kg3 Rxc3+ 36. Kg4 Kg6 37. Bc2+ Rxc2 0-1

[Event "AUT-ch U12"]
[Site "St Kanzian"]
[Date "2018.05.20"]
[Round "3.10"]
[White "Lerch, Johannes"]
[Black "Vojic, Isak"]
[Result "1/2-1/2"]
[WhiteElo "1608"]
[BlackElo "1536"]
[PlyCount "60"]
[EventDate "2018.05.19"]
[EventType "swiss"]
[EventRounds "7"]
[EventCountry "AUT"]
[SourceTitle "EXT 2024"]
[Source "ChessBase"]
[SourceDate "2023.10.10"]
[SourceVersion "1"]
[SourceVersionDate "2023.10.10"]
[SourceQuality "1"]

1. e4 e5 2. Nc3 Nf6 3. f4 d5 4. fxe5 Nxe4 5. Nf3 Nxc3 6. dxc3 c6 7. Bf4 Bg4 8. h3 Be6 9. Qe2 Be7 10. h4 h6 11. g3 Na6 12. Bh3 Bxh3 13. Rxh3 Nc5 14. 0-0-0 Qa5 15. Kb1 Ne6 16. Be3 b5 17. Nd4 Nxd4 18. cxd4 Rb8 19. Rf1 Rb6 20. Qd3 Ra6 21. Qb3 b4 22. g4 Qb5 23. Rhf3 0-0 24. g5 h5 25. Qd3 Qxd3 26. cxd3 Rb6 27. b3 Rb7 28. Kb2 Rb6 29. R3f2 Rb7 30. Rf3 Rb6 1/2-1/2

[Event "EU-ch U10 26th"]
[Site "Prague"]
[Date "2016.08.27"]
[Round "9"]
[White "Damjanovic, Vuk"]
[Black "Vojic, Isak"]
[Result "1-0"]
[WhiteElo "1412"]
[BlackElo "1519"]
[PlyCount "53"]
[EventDate "2016.08.18"]
[EventType "swiss"]
[EventRounds "9"]
[EventCountry "CZE"]
[SourceTitle "CBM 174 Extra"]
[Source "ChessBase"]
[SourceDate "2016.10.10"]
[SourceVersion "1"]
[SourceVersionDate "2016.10.10"]
[SourceQuality "1"]

1. d4 d5 2. c4 e6 3. Nf3 c5 4. cxd5 exd5 5. Bg5 Be7 6. Bxe7 Nxe7 7. dxc5 Qa5+ 8. Nc3 Qxc5 9. e3 Nbc6 10. Be2 Be6 11. 0-0 0-0 12. Rc1 Qd6 13. a3 Rfd8 14. Nb5 Qd7 15. Nbd4 Nf5 16. Nxc6 bxc6 17. Ne5 Qd6 18. Nxc6 Rdc8 19. Nd4 Rxc1 20. Qxc1 Nxd4 21. exd4 Rc8 22. Qd2 Qc7 23. Ba6 Rb8 24. b4 Rb6 25. b5 Bd7 26. Rc1 Qd6 27. Rc5 1-0

[Event "AUT-ch U10"]
[Site "St Veit"]
[Date "2016.05.29"]
[Round "7.1"]
[White "Kienboeck, Benjamin"]
[Black "Vojic, Isak"]
[Result "1/2-1/2"]
[WhiteElo "1434"]
[BlackElo "1323"]
[PlyCount "65"]
[EventDate "2016.05.27"]
[EventType "swiss"]
[EventRounds "7"]
[EventCountry "AUT"]
[SourceTitle "EXT 2024"]
[Source "ChessBase"]
[SourceDate "2023.10.10"]
[SourceVersion "1"]
[SourceVersionDate "2023.10.10"]
[SourceQuality "1"]

1. e4 e5 2. Nf3 Nc6 3. Bc4 Nf6 4. d4 exd4 5. e5 d5 6. Bb5 Ne4 7. Nxd4 Bd7 8. Bxc6 bxc6 9. 0-0 h6 10. c3 Nc5 11. f4 Ne6 12. Nxe6 fxe6 13. Qh5+ Ke7 14. f5 Be8 15. f6+ Kd7 16. f7 Bc5+ 17. Kh1 Rf8 18. fxe8Q+ Qxe8 19. Qxe8+ Raxe8 20. Rf3 Rxf3 21. gxf3 Rf8 22. Kg2 g5 23. h3 Rf5 24. b4 Be7 25. Be3 Rxe5 26. Kf2 Rf5 27. Nd2 Bf6 28. Rc1 a6 29. c4 d4 30. Bxd4 Bxd4+ 31. Kg2 Bg7 32. Rd1 Ke7 33. Ne4 1/2-1/2

[Event "AUT-ch U10"]
[Site "St Veit"]
[Date "2016.05.28"]
[Round "4.3"]
[White "Karner, Daniel"]
[Black "Vojic, Isak"]
[Result "1-0"]
[WhiteElo "1318"]
[BlackElo "1323"]
[PlyCount "35"]
[EventDate "2016.05.27"]
[EventType "swiss"]
[EventRounds "7"]
[EventCountry "AUT"]
[SourceTitle "EXT 2024"]
[Source "ChessBase"]
[SourceDate "2023.10.10"]
[SourceVersion "1"]
[SourceVersionDate "2023.10.10"]
[SourceQuality "1"]

1. e4 e5 2. Nf3 Nc6 3. Bb5 a6 4. Bxc6 dxc6 5. 0-0 Bd6 6. d4 exd4 7. Qxd4 f6 8. e5 fxe5 9. Re1 c5 10. Qe3 Nf6 11. Nxe5 0-0 12. Qb3+ Kh8 13. Nf7+ Rxf7 14. Qxf7 Bd7 15. Nc3 c6 16. Bg5 Qf8 17. Qxf8+ Rxf8 18. Rad1 1-0

[Event "AUT-ch U10"]
[Site "St Veit"]
[Date "2016.05.28"]
[Round "6.3"]
[White "Vojic, Isak"]
[Black "Georgiev, Daniel"]
[Result "1-0"]
[WhiteElo "1323"]
[BlackElo "1336"]
[PlyCount "119"]
[EventDate "2016.05.27"]
[EventType "swiss"]
[EventRounds "7"]
[EventCountry "AUT"]
[SourceTitle "EXT 2024"]
[Source "ChessBase"]
[SourceDate "2023.10.10"]
[SourceVersion "1"]
[SourceVersionDate "2023.10.10"]
[SourceQuality "1"]

1. e4 c5 2. c3 d6 3. d4 Qc7 4. Nf3 Nf6 5. Bd3 Nc6 6. d5 Ne5 7. Nxe5 dxe5 8. Bg5 h6 9. Bh4 Bd7 10. Nd2 Qd8 11. Nc4 Qc7 12. Bg3 e6 13. Bxe5 Qd8 14. d6 a6 15. Bg3 b5 16. Ne5 Qb6 17. Nxd7 Nxd7 18. e5 Qc6 19. 0-0 h5 20. h3 h4 21. Bh2 Qd5 22. Qf3 Qxf3 23. gxf3 Rh5 24. f4 c4 25. Be2 Rh6 26. Bf3 Rb8 27. Bc6 Rg6+ 28. Kh1 Rb6 29. Bxd7+ Kxd7 30. Bg1 f6 31. f3 Rc6 32. Bf2 fxe5 33. fxe5 Rg5 34. f4 Rh5 35. Rg1 Rf5 36. Be3 a5 37. Rg5 Rxg5 38. fxg5 b4 39. Rf1 Rc8 40. Rf7+ Kc6 41. Rf4 Kd7 42. Bd4 bxc3 43. Bxc3 a4 44. a3 Ke8 45. Rd4 Kd7 46. Rxh4 Ke8 47. Kg2 Kd7 48. Kf3 Rc6 49. Rh8 Rc8 50. Kg4 Ra8 51. Kh5 Ke8 52. Kg6 Ra7 53. h4 Rf7 54. Kh5 Rd7 55. Kg4 Rf7 56. g6 Rf5 57. h5 Rf1 58. Kh3 Rf4 59. Rg8 Rf3+ 60. Kg2 1-0

[Event "AUT-ch U10"]
[Site "St Veit"]
[Date "2016.05.27"]
[Round "2.4"]
[White "Busta, Valentin"]
[Black "Vojic, Isak"]
[Result "0-1"]
[WhiteElo "918"]
[BlackElo "1323"]
[PlyCount "98"]
[EventDate "2016.05.27"]
[EventType "swiss"]
[EventRounds "7"]
[EventCountry "AUT"]
[SourceTitle "EXT 2024"]
[Source "ChessBase"]
[SourceDate "2023.10.10"]
[SourceVersion "1"]
[SourceVersionDate "2023.10.10"]
[SourceQuality "1"]

1. g3 d5 2. Nf3 c5 3. Bg2 Nc6 4. d3 Nf6 5. 0-0 e5 6. c4 d4 7. e3 Bd6 8. Re1 0-0 9. b3 Nd7 10. Nbd2 a6 11. Ne4 Qc7 12. Nxd6 Qxd6 13. e4 Re8 14. Ng5 h6 15. Nh3 b6 16. Qg4 Nf8 17. Qf3 Bb7 18. Kh1 Re6 19. Ng1 Nb4 20. Bh3 Rf6 21. Qg4 Nc2 22. Bd2 Nxa1 23. Rxa1 Qe6 24. Qxe6 Nxe6 25. Bxe6 Rxe6 26. f4 f5 27. fxe5 fxe4 28. Ne2 exd3+ 29. Kg1 dxe2 30. Bf4 g5 31. Bd2 Rxe5 32. Re1 b5 33. Kf2 bxc4 34. bxc4 Bc8 35. Rxe2 Rxe2+ 36. Kxe2 Be6 37. Kd3 Rb8 38. h4 gxh4 39. gxh4 h5 40. Bf4 Rb4 41. Bd6 Rxc4 42. Ke4 Bf7 43. a3 Bg6+ 44. Kd5 Rc3 45. Bxc5 Rxc5+ 46. Kxd4 Rf5 47. Ke4 Kf7 48. Ke3 Ke6 49. Ke4 Ra5+ 0-1

[Event "AUT-ch U10"]
[Site "St Veit"]
[Date "2016.05.27"]
[Round "3.2"]
[White "Vojic, Isak"]
[Black "Schaffner, Louie Raulito"]
[Result "1/2-1/2"]
[WhiteElo "1323"]
[BlackElo "1628"]
[PlyCount "60"]
[EventDate "2016.05.27"]
[EventType "swiss"]
[EventRounds "7"]
[EventCountry "AUT"]
[SourceTitle "EXT 2024"]
[Source "ChessBase"]
[SourceDate "2023.10.10"]
[SourceVersion "1"]
[SourceVersionDate "2023.10.10"]
[SourceQuality "1"]

1. e4 e5 2. Nf3 Nc6 3. Bc4 Bc5 4. c3 Nf6 5. d3 0-0 6. 0-0 d6 7. Bb3 Qe7 8. Nbd2 Be6 9. Bc2 Rad8 10. h3 h6 11. Re1 Qd7 12. Nf1 Rfe8 13. Be3 Bb6 14. Bxb6 axb6 15. Ng3 Ra8 16. a3 Ne7 17. d4 exd4 18. cxd4 c6 19. Rc1 Red8 20. Qd3 Kf8 21. Re2 b5 22. Bb3 Bxb3 23. Qxb3 Ng6 24. Rd2 Qe7 25. Re1 Qc7 26. Rde2 Re8 27. Qc3 Rac8 28. Re3 b6 29. Rc1 c5 30. d5 Qe7 1/2-1/2

[Event "AUT-ch U10"]
[Site "Woerth"]
[Date "2015.06.05"]
[Round "1.7"]
[White "Vojic, Isak"]
[Black "Vinatzer, Maximilian"]
[Result "0-1"]
[WhiteElo "1301"]
[BlackElo "1051"]
[PlyCount "64"]
[EventDate "2015.06.05"]
[EventType "swiss"]
[EventRounds "7"]
[EventCountry "AUT"]
[SourceTitle "EXT 2024"]
[Source "ChessBase"]
[SourceDate "2023.10.10"]
[SourceVersion "1"]
[SourceVersionDate "2023.10.10"]
[SourceQuality "1"]

1. d4 Nf6 2. e3 d5 3. c4 e6 4. Nc3 b6 5. Nf3 Bb7 6. Be2 Bd6 7. b3 Ne4 8. Nxe4 dxe4 9. Nd2 Nc6 10. Nxe4 Ne7 11. Nxd6+ Qxd6 12. Bf3 Bxf3 13. Qxf3 Nc6 14. h4 0-0 15. Ba3 Nb4 16. 0-0 a5 17. Rfd1 Rad8 18. d5 exd5 19. Rxd5 Qf6 20. Qxf6 gxf6 21. Rad1 Nxd5 22. Bxf8 Kxf8 23. Rxd5 Rxd5 24. cxd5 Ke7 25. f3 Kd6 26. e4 Kc5 27. g4 Kb4 28. g5 fxg5 29. e5 Kc5 30. e6 fxe6 31. dxe6 Kd6 32. e7 Kxe7 0-1

[Event "AUT-ch U10"]
[Site "Velden"]
[Date "2014.06.21"]
[Round "6"]
[White "Vojic, Isak"]
[Black "Iro, Stefan"]
[Result "1-0"]
[WhiteElo "1193"]
[BlackElo "1199"]
[PlyCount "103"]
[EventDate "2014.06.20"]
[EventType "swiss"]
[EventRounds "7"]
[EventCountry "AUT"]
[SourceTitle "EXT 2016"]
[Source "ChessBase"]
[SourceDate "2015.10.08"]
[SourceVersion "1"]
[SourceVersionDate "2015.10.08"]
[SourceQuality "1"]

1. e4 e5 2. Nf3 Nc6 3. Nc3 Nf6 4. Bb5 Bd6 5. d3 a6 6. Bxc6 dxc6 7. 0-0 0-0 8. h3 h6 9. Re1 Bb4 10. Bd2 Be6 11. Nxe5 Qd6 12. Nf3 Rad8 13. e5 Qe7 14. exf6 Qxf6 15. Ne4 Qe7 16. a3 Bc5 17. Nxc5 Qxc5 18. Bb4 Qb6 19. Bxf8 Rxf8 20. b4 a5 21. bxa5 Qxa5 22. Nd4 Qd5 23. Nxe6 fxe6 24. Qe2 Re8 25. Qe4 Qd6 26. Qe5 Qd7 27. Rab1 b6 28. Red1 Qf7 29. Qe4 Qd7 30. Rd2 c5 31. d4 e5 32. d5 Qd6 33. Re1 Kh8 34. Rde2 Kg8 35. c4 g6 36. Qd3 Kh7 37. Qc3 Qf6 38. Rxe5 Kg7 39. Qg3 Rxe5 40. Qxe5 Qxe5 41. Rxe5 Kf6 42. Re1 g5 43. Re8 h5 44. Rc8 Kf5 45. Rxc7 g4 46. hxg4+ Kxg4 47. d6 Kf4 48. d7 Kf5 49. d8Q Kf4 50. Qf8+ Kg5 51. Rg7+ Kh6 52. Qh8# 1-0